Introducción al estudio clínico y a la práctica de los partos / (Record no. 61645)

MARC details
000 -LEADER
campo de control de longitud fija 00867nam a2200229 i 4500
001 - NÚMERO DE CONTROL
campo de control 61645
003 - IDENTIFICADOR DE NÚMERO DE CONTROL
campo de control ES-MaACL
005 - FECHA Y HORA DE LA ÚLTIMA TRANSACCIÓN
campo de control 20251109132608.0
007 - CAMPO FIJO DE DESCRIPCIÓN FÍSICA--INFORMACIÓN GENERAL
campo de control de longitud fija t|
008 - DATOS DE LONGITUD FIJA--INFORMACIÓN GENERAL
campo de control de longitud fija 031113s1929 sp ||||1| spa d
100 1# - ENTRADA PRINCIPAL--NOMBRE DE PERSONA
Nombre de persona Farabeuf, Louis Hubert,
Fechas asociadas al nombre 1841-1910
9 (RLIN) 154659
245 10 - MENCIÓN DEL TÍTULO
Título Introducción al estudio clínico y a la práctica de los partos /
Mención de responsabilidad, etc. por L.H. Farabeuf y Enrique Varmier ; prefacio de A. Pinard ; traducción de la 4º edición francesa de Manuel Portaceli y Ortells.
250 ## - MENCION DE EDICION
Mención de edición 3ª ed.
260 ## - PUBLICACIÓN, DISTRIBUCIÓN, ETC.
Lugar de publicación, distribución, etc. Barcelona :
Nombre del editor, distribuidor, etc. [s.n.],
Fecha de publicación, distribución, etc. 1929 (
Fabricante Imp. Clarasó)
300 ## - DESCRIPCIÓN FÍSICA
Extensión VIII, 480 p. ;
Dimensiones 27 cm.
650 #7 - PUNTO DE ACCESO ADICIONAL DE MATERIA--TÉRMINO DE MATERIA
Término de materia o nombre geográfico como elemento de entrada Obstetricia
Fuente del encabezamiento o término embne
9 (RLIN) 15676
700 1# - ENTRADA AGREGADA--NOMBRE PERSONAL
Nombre de persona Portaceli y Ortells, Manuel.
9 (RLIN) 93185
700 1# - ENTRADA AGREGADA--NOMBRE PERSONAL
Nombre de persona Varnier, Henri,
Fechas asociadas al nombre 1859-1902
9 (RLIN) 154660
700 1# - ENTRADA AGREGADA--NOMBRE PERSONAL
Nombre de persona Pinard, Adolphe,
Fechas asociadas al nombre 1844-1934
9 (RLIN) 154655
852 ## - LOCALIZACIÓN
Ubicación ES-MaACL
Número de control de estantería E-1284
Holdings
Estatus retirado Estado de pérdida Estado de daño No para préstamo Biblioteca de origen Biblioteca actual Ubicación en estantería Fecha de adquisición Fuente de adquisición Total de préstamos Signatura topográfica completa Código de barras Visto por última vez Precio de reemplazo Tipo de ítem Koha
        Biblioteca del Ateneo de Madrid Biblioteca del Ateneo de Madrid Depósito 2 17/01/2008     E-1284 1064637 23/02/2023 23/02/2023 Libro impreso